| 000 | 01826cam a2200349 i 4500 | ||
|---|---|---|---|
| 999 |
_c200449314 _d67526 |
||
| 003 | TR-AnTOB | ||
| 005 | 20220728111148.0 | ||
| 007 | ta | ||
| 008 | 830118m19619999gw ac b 001 0 ger | ||
| 010 | _a32016460 | ||
| 035 | _a.b29174041 | ||
| 040 |
_aDLC _beng _erda _cUMR _dWaOLN _dUtOrBLW _dTR-AnTOB |
||
| 041 | 0 | _ager | |
| 050 | 4 |
_aTP255 _b.H36 1961 |
|
| 090 |
_aTP255 _b.H36 1961 |
||
| 245 | 0 | 0 |
_aHandbuch der technischen Elektrochemie / _cunter Mitwirkung zahlreicher Fachleute herausgegeben von Georg Eger. |
| 250 | _a2. auflage | ||
| 264 | 1 |
_aLeipzig : _bAkademische Verlagsgesellschaft, _c1961- |
|
| 300 |
_avolumes : _billustrations, portrait ; _c25 cm |
||
| 336 |
_atext _btxt _2rdacontent |
||
| 337 |
_aunmediated _bn _2rdamedia |
||
| 338 |
_aunspecified _bzu _2rdacarrier |
||
| 500 | _aIncludes vols. of various editions | ||
| 500 | _aEach vol. has also special t. p | ||
| 500 | _aVols. published 1931- :Unter Mitwirkung zahlreicher Fachleute hrsg. von Viktor Engelhardt. | ||
| 505 | 0 | _aContents.-1. Bd. Die technische Elektrolyse wässeriger Lösungen, A: Die technische Elektometallurgie wässeriger Lösungen, 1931-33. 3 v. -2. Bd. Die technische Elektrolyse wässeriger Lösungen, B: Anwendungen in der chemischen industrie, 1933. 2 v. -3. Bd. Die technische Elektrolyse in Schmelzfluss, 1934; 2. Aufl., 1955. -4. Bd. 1. T.: Die grundlagen der elektrischen Ofenheizung, von F. Walter, 1950. 2. T.A.: Die Anwendung des elektrischen Ofens in der Industrie der Eisenmetalle, 1955. 3. T. A: Elektroöfen in der Industrie der Nichteisenmetalle, 1956. 3 v. -5. Bd. 1. T: Calciumkarbid und die Karbidindustrie, von M. Wildhagen, 1953 | |
| 650 | 0 |
_aElectrochemistry, Industrial _9134935 |
|
| 700 | 1 |
_aEger, Georg, _d1883- _eeditor _9137864 |
|
| 942 |
_2lcc _cBK |
||